000 00266nam a2200121Ia 4500
008 191201s2011 xx 000 0 und d
100 _aKAPIL Sheeba
245 0 _aFinancial Management
260 _bPearson
_c2011
300 _a724
650 _aMBA
942 _2ddc
_cBK
999 _c7136
_d7136